Mixed Bag of General Knowledge #2 - Statistics

General Stats
  • This quiz has been taken 441 times
  • The average score is 11 of 22
Answer Stats
Topic Hint Answer % Correct
Modern Literature Who wrote the Harry Potter series? J.K Rowling
87%
European History Which city was burned down in 1666? London
82%
World War II Who was the leader of Italy during World War II? Benito Mussolini
77%
Disney Movies What movie introduced the word "Supercalifragilisticexpialidocious"? Mary Poppins
73%
England What was the most common name for English Kings? Henry
67%
Grammar What is the singular of "Bacteria"? Bacterium
66%
Television What show stars the characters of Scully and Mulder The X-Files
63%
World Religion What is Siddhartha Gautama more commonly known as? Buddha
62%
Chemistry What gas is produced when mixing Baking Soda and Vinegar? Carbon Dioxide
59%
Astronomy What is it called when the Earth comes between the Sun and the Moon? Lunar Eclipse
58%
Musical Instruments What instrument is larger than a Viola, but smaller than a Double Bass? Cello
56%
Painting & Sculpting What body part is the Venus de Milo missing? Arms
54%
Business What does the "P" in UPS stand for? Parcel
46%
Physical Geography What South American desert is driest in the word? Atacama Desert
43%
Currencies What currency is represented by the symbol "₣"? Franc
43%
Medicine What disease could be prevented by drinking Tonic? Malaria
34%
Biology What do plants produce, along with oxygen, during photosynthesis? Glucose
30%
World Cities What city borders San Diego? Tijuana
28%
Inventors Who invented the Cotton Gin? Eli Whitney
26%
Spanish What is the English translation of the word "Manzana"? Apple
25%
Algebra What does "m" mean in y=mx+b? Slope
21%
Gardening What word can come after Meyer or Ponderosa? Lemon
9%
No matching quizzes found
Score Distribution
Percent of People with Each Score
Percentile by Number Answered
Your Score History
You have not taken this quiz